000 00401nam a2200181Ia 4500
005 20240823060229.0
008 240823s9999||||xx |||||||||||||| ||und||
041 _aTAMIL
082 _A920 Q7
100 _aValampuri John
245 0 _aSathanai Sarithiram Saveriyar
250 _a2nd
260 _c2017
_bNeithal
500 _aYES
650 _aTamil
_bGeneral
942 _cBK
999 _c230638
_d230638